000 00341pab a2200145 454500
008 180718b1988 xxu||||| |||| 00| 0 eng d
100 _aSail, Rajendra
245 _aTruth about rehabiliation of bonded labourers
260 _c1988
300 _a30-1
362 _a1 Jan.
650 _aLabour, Bonded
773 _aYojana
909 _a12017
999 _c12017
_d12017